Progress on affordable flood insurance (Record no. 84147)

MARC details
000 -LEADER
fixed length control field 01169cad a22002055a 4500
001 - CONTROL NUMBER
control field L156768
008 - FIXED-LENGTH DATA ELEMENTS--GENERAL INFORMATION
fixed length control field 120711e2012 xxk 000 0 eng d
035 ## - SYSTEM CONTROL NUMBER
System control number (Sirsi) u156768
041 0# - LANGUAGE CODE
Language code of text/sound track or separate title eng
110 2# - MAIN ENTRY--CORPORATE NAME
Corporate name or jurisdiction name as entry element United Kingdom
Subordinate unit Department for Environment, Food and Rural Affairs
245 00 - TITLE STATEMENT
Title Progress on affordable flood insurance
Medium [electronic resource]
260 ## - PUBLICATION, DISTRIBUTION, ETC.
Place of publication, distribution, etc. London
Name of publisher, distributor, etc. DEFRA
Date of publication, distribution, etc. 2012
490 ## - SERIES STATEMENT
Series statement DEFRA News Release
Volume/sequential designation 11 July 2012
520 ## - SUMMARY, ETC.
Summary, etc. The UK Government and insurance industry are continuing to make progress towards a new agreement for the future of flood insurance. The new approach aims to improve upon the current agreement as most insurance companies already raise a small sum from policy holders to cover the cost of insuring homes at high risk of flooding. The insurance industry has asked the government to formalise this arrangement so all households can continue to get affordable insurance.
590 ## - LOCAL NOTE (RLIN)
Local note KA
690 ## - LOCAL SUBJECT ADDED ENTRY--TOPICAL TERM (OCLC, RLIN)
Topical term or geographic name as entry element Hydrography
9 (RLIN) 6245
690 ## - LOCAL SUBJECT ADDED ENTRY--TOPICAL TERM (OCLC, RLIN)
Topical term or geographic name as entry element Residential property
9 (RLIN) 6266
856 40 - ELECTRONIC LOCATION AND ACCESS
Uniform Resource Identifier <a href="https://www.defra.gov.uk/news/2012/07/11/progress-on-affordable-flood-insurance/">https://www.defra.gov.uk/news/2012/07/11/progress-on-affordable-flood-insurance/</a>
Public note View the item free of charge at www.defra.gov.uk
942 ## - ADDED ENTRY ELEMENTS (KOHA)
Suppress in OPAC 0
Holdings
Withdrawn status Lost status Source of classification or shelving scheme Damaged status Not for loan Home library Current library Shelving location Date acquired Total Checkouts Full call number Barcode Date last seen Copy number Price effective from Koha item type
    Dewey Decimal Classification     Virtual Virtual Online 11/07/2012   ONLINE PUBLICATION 156768-2001 06/08/2019 1 06/08/2019 Journal article